| 000 -LEADER |
| fixed length control field |
01994cam a2200349 a 4500 |
| 001 - CONTROL NUMBER |
| control field |
1641382 |
| 003 - CONTROL NUMBER IDENTIFIER |
| control field |
OSt |
| 005 - DATE AND TIME OF LATEST TRANSACTION |
| control field |
20241112110644.0 |
| 008 - FIXED-LENGTH DATA ELEMENTS--GENERAL INFORMATION |
| fixed length control field |
181117s2019 enka j 000 1 eng d |
| 020 ## - INTERNATIONAL STANDARD BOOK NUMBER |
| International Standard Book Number |
9781035033515 |
| Qualifying information |
(pbk.) : |
| 040 ## - CATALOGING SOURCE |
| Original cataloging agency |
YDX |
| Language of cataloging |
eng |
| Transcribing agency |
YDX |
| Modifying agency |
BDX |
| -- |
OCLCQ |
| -- |
GK8 |
| -- |
OCLCF |
| -- |
BYV |
| -- |
UAP |
| -- |
OMN |
| -- |
LE@ |
| -- |
ILC |
| -- |
KH8 |
| 042 ## - AUTHENTICATION CODE |
| Authentication code |
nbic |
| 082 0# - DEWEY DECIMAL CLASSIFICATION NUMBER |
| Classification number |
823.4 GRI |
| 100 1# - MAIN ENTRY--PERSONAL NAME |
| Personal name |
Griffiths, Andy, |
| Dates associated with a name |
1961- |
| 240 00 - UNIFORM TITLE |
| Uniform title |
[117-storey treehouse] |
| 245 14 - TITLE STATEMENT |
| Title |
The 117-story treehouse / |
| Statement of responsibility, etc. |
Andy Griffiths ; illustrated by Terry Denton. |
| 246 30 - VARYING FORM OF TITLE |
| Title proper/short title |
117-story tree house. |
| 246 30 - VARYING FORM OF TITLE |
| Title proper/short title |
One hundred seventeen story treehouse. |
| 260 ## - PUBLICATION, DISTRIBUTION, ETC. |
| Place of publication, distribution, etc. |
London : |
| Name of publisher, distributor, etc. |
Macmillan Children's Books, |
| Date of publication, distribution, etc. |
2019. |
| 300 ## - PHYSICAL DESCRIPTION |
| Extent |
371 p. : |
| Other physical details |
ill. ; |
| Dimensions |
20 cm. |
| 490 1# - SERIES STATEMENT |
| Series statement |
Treehouse ; |
| Volume/sequential designation |
9. |
| 500 ## - GENERAL NOTE |
| General note |
Originally published as The 117-Storey Treehouse in Australia by Pan Macmillan Australia Pty Ltd. |
| 520 ## - SUMMARY, ETC. |
| Summary, etc. |
"Andy and Terry live in a 117-story treehouse. (It used to be a 104-story treehouse, but it just keeps growing!) It now has a pajama-party room, a water-ski park filled with flesh-eating piranhas, an Underpants Museum, a giant-fighting-robot arena, and the Door of Doom (don't open it or you'll be COMPLETELY and UTTERLY DOOMED!). For as long as Andy and Terry have been writing books together, Andy has always been the narrator and Terry has always been the illustrator. But when Terry tries to prove that he can narrate as well as draw, the story goes completely out of control and the Story Police arrive to arrest the whole treehouse team for crimes against storytelling! Andy, Terry and Jill go on the run, but how long can they evade the Story Police and stay out of Story Jail?" -- Amazon.com. |
| 650 #0 - SUBJECT ADDED ENTRY--TOPICAL TERM |
| Topical term or geographic name entry element |
Authors |
| Form subdivision |
Juvenile fiction. |
| 650 #0 - SUBJECT ADDED ENTRY--TOPICAL TERM |
| Topical term or geographic name entry element |
Illustrators |
| Form subdivision |
Juvenile fiction. |
| 650 #0 - SUBJECT ADDED ENTRY--TOPICAL TERM |
| Topical term or geographic name entry element |
Tree houses |
| Form subdivision |
Juvenile fiction. |
| 650 #0 - SUBJECT ADDED ENTRY--TOPICAL TERM |
| Topical term or geographic name entry element |
Police |
| Form subdivision |
Juvenile fiction. |
| 650 #0 - SUBJECT ADDED ENTRY--TOPICAL TERM |
| Topical term or geographic name entry element |
Fugitives from justice |
| Form subdivision |
Juvenile fiction. |
| 700 1# - ADDED ENTRY--PERSONAL NAME |
| Personal name |
Denton, Terry. |
| 830 #0 - SERIES ADDED ENTRY--UNIFORM TITLE |
| Uniform title |
Treehouse ; |
| Volume/sequential designation |
9. |
| 942 ## - ADDED ENTRY ELEMENTS (KOHA) |
| Source of classification or shelving scheme |
|
| Koha item type |
Books - Fiction |